000 00689nam a2200217 u 4500
001 000567403
003 AM-YeHGA
005 20250617140637.0
008 080215s2005 bu r 000 0 bul d
020 _a954916523X
040 _aAM-YeHGA
041 0 _abul
100 1 _aДимитров, Божидар
245 1 0 _aСедемте древни цивилизации в Бьлгария /
_cБожидар Димитров.
260 _aСофия :
_bФондация КОМ,
_c2005.
300 _a108 p. :
_bcol. ill. ;
_c24 cm.
440 0 _aИзбрани любими книги
651 4 _aBulgaria
_xAntiquities
651 4 _aBulgaria
_xCivilization
090 _c225343
999 _c223807
_d223807